|
|
|
|
| LEADER |
00000nam0a2200000 4500 |
| 001 |
197483 |
| 005 |
20231031183503.0 |
| 010 |
|
|
|a 5110010366
|
| 020 |
|
|
|a RU
|b 91-3341
|
| 035 |
|
|
|a (RuTPU)RU\TPU\book\215415
|
| 090 |
|
|
|a 197483
|
| 100 |
|
|
|a 20110611d1990 k y0rusy5003 ca
|
| 101 |
0 |
|
|a rus
|
| 102 |
|
|
|a UA
|
| 105 |
|
|
|a a z 001zy
|
| 200 |
1 |
|
|a Элементы анализа управления
|f В. В. Лега
|
| 210 |
|
|
|a Харьков
|c Основа
|d 1990
|
| 215 |
|
|
|a 156 с.
|c ил.
|
| 320 |
|
|
|a Библиогр.: с. 151-154.
|
| 610 |
1 |
|
|a математические методы
|
| 610 |
1 |
|
|a организация управления
|
| 610 |
1 |
|
|a общественное производство
|
| 610 |
1 |
|
|a элементы
|
| 610 |
1 |
|
|a матрицы
|
| 610 |
1 |
|
|a функции
|
| 610 |
1 |
|
|a канонические модели
|
| 686 |
|
|
|a У9(2)210
|2 rubbk
|
| 700 |
|
1 |
|a Лега
|b В. В.
|g Василий Васильевич
|
| 801 |
|
0 |
|a RU
|b RuMRKP
|c 19950417
|g psbo
|
| 801 |
|
1 |
|a RU
|b 63413507
|c 20110611
|
| 801 |
|
2 |
|a RU
|b 63413507
|c 20110627
|g RCR
|
| 942 |
|
|
|c BK
|